000 00461nam a22001937a 4500
003 MPLRDC
005 20220104155231.0
008 210129b ||||| |||| 00| 0 eng d
020 _a957-444-128-8
082 _a848.2 CYF-25
100 _a曹又方著
245 _a风华的印记
_c
250 _a初版
260 _a
_b九歌出版社
_c2004
300 _b
490 _a名家名著选; 15
650 _a现代别集
942 _cBK
_o848.2 CYF-25
999 _c54392
_d54382